| 000 | 00634nam a2200217Ii 4500 | ||
|---|---|---|---|
| 001 | 11676 | ||
| 003 | CO-ViMGA | ||
| 008 | 241108s9999||||xx |||||||||||||| ||und|| | ||
| 020 | _a8492210907 | ||
| 040 |
_aCO-ViMGA _bspa _erda _cCO-ViMGA |
||
| 041 | 0 | _aspa | |
| 082 | 0 | 4 | _a604.2015166 I98 |
| 100 | 1 |
_aFernando Izquierdo Asensi _946834 |
|
| 245 | 1 | 0 | _aGeometría descriptiva superior y aplicada |
| 264 | 1 | _aMadrid, España : Paraninfo, 1996 | |
| 300 | _avolumen | ||
| 336 |
_atext _btxt _2rdacontent |
||
| 337 |
_aunmediated _bn _2rdamedia |
||
| 338 |
_avolume _bnc _2rdacarrier |
||
| 940 | _aidficha_siabuc: 11400. -- ficha_no_siabuc:11676 | ||
| 999 |
_c41404 _d41404 |
||